| 000 | 00530nam a2200181Ia 4500 | ||
|---|---|---|---|
| 008 | 240925s9999 xx 000 0 und d | ||
| 020 | _a134738691 | ||
| 082 | _a621.3192 DEC | ||
| 100 | _aDecarlo ,Raymond A.; Lin, Pen -Min | ||
| 245 | 0 | _aLinear Circuit Analysis: time domin, phasar,and laplace transform approaches | |
| 250 | _aNA | ||
| 260 |
_aNew Jersey: _bM & T Books _c,1995. |
||
| 300 |
_avi,991p. _bNA _fOriginal |
||
| 500 | _aIncludes Index | ||
| 600 | _aElectrical Engineering | ||
| 650 | _aTechnology | ||
| 942 | _cBK | ||
| 999 |
_c4630 _d4630 |
||